000 00531nam a2200181Ia 4500
008 090124s9999 xx 000 0 und d
082 _b126812
100 _aपोरे सुरेश
245 _a उन्हातील चांदणे
250 _a1
260 _c1995
300 _a176
600 _aपोरे सुरेश
630 _a उन्हातील चांदणे
700 _aपोरे सुरेश
730 _a उन्हातील चांदणे
942 _cBOOK
999 _c172902
_d172902